LIBRARY ONLINE CATALOGUE

Human rights law 2010-2011. (Record no. 9503)

MARC details
000 -LEADER
fixed length control field 00513cam a22001932 4500
001 - CONTROL NUMBER
control field 0000020790
005 - DATE AND TIME OF LATEST TRANSACTION
control field 20151217152221.0
008 - FIXED-LENGTH DATA ELEMENTS--GENERAL INFORMATION
fixed length control field 111017s xx 000 0 eng d
020 ## - INTERNATIONAL STANDARD BOOK NUMBER
International Standard Book Number 0415457019 :
040 ## - CATALOGING SOURCE
Original cataloging agency KABU
Transcribing agency KABU
245 10 - TITLE STATEMENT
Title Human rights law 2010-2011.
250 ## - EDITION STATEMENT
Edition statement 3rd ed.
260 ## - PUBLICATION, DISTRIBUTION, ETC. (IMPRINT)
Place of publication, distribution, etc. New york :
Name of publisher, distributor, etc. Routledge,
Date of publication, distribution, etc. 2010.
300 ## - PHYSICAL DESCRIPTION
Extent xx, 112 p.
650 #0 - SUBJECT ADDED ENTRY--TOPICAL TERM
Topical term or geographic name as entry element Human rights.
-- 0000150298
852 1# - LOCATION
-- p1470.95 KES
908 ## - PUT COMMAND PARAMETER (RLIN)
Put command parameter 111017
950 ## - LOCAL HOLDINGS (RLIN)
-- 1
Holdings
Withdrawn status Lost status Source of classification or shelving scheme Not for loan Home library Current library Date acquired Total Checkouts Full call number Barcode Date last seen Price effective from Koha item type
    Library of Congress Classification   Kabarak, Main Campus Kabarak, Main Campus 17/12/2015   K3240 .H86 2010 c. 1 19320 17/12/2015 17/12/2015 General Collection